Missing Word: 'F' Music Artists Quiz Stats

Quiz Updated Mar 4, 2016

Challenge
Share
Tweet
Embed
Score 0/20 Timer 03:00
0 Plays Today
Hint Answer % Correct
Fleetwood MacOwn
98%
The Four SeasonsGirls
95.2%
ForeignerKnow
95.1%
ForeignerIce
94.3%
The Four SeasonsLike
92%
ForeignerFirst
87.5%
The Four SeasonsDoll
79.7%
ForeignerJuke
67%
Fleetwood MacLoving
65.7%
The Four SeasonsDecember
64.2%
Hint Answer % Correct
Foo FightersFly
58.6%
Fleetwood MacHead
56.5%
Fleetwood MacStop
51.5%
ForeignerBlooded
49.9%
Foo FightersMonkey
47.4%
Fleetwood MacSay
41.6%
Foo FightersAll
33.6%
Foo FightersBest
28%
Foo FightersMe
21.9%
The Four SeasonsSave
17.7%

Today's Daily Dose

Word Ladder
Antonym Clues II

Quick Pick
Movies of 2014

On This Day
April 24th II

You're not logged in!

Compare scores with friends on all Sporcle quizzes.
Sign Up with Email
OR
Log In

You Might Also Like...

Show Comments

Extras

Top Quizzes Today


Score Distribution

Your Account Isn't Verified!

In order to create a playlist on Sporcle, you need to verify the email address you used during registration. Go to your Sporcle Settings to finish the process.

Report this User

Report this user for behavior that violates our Community Guidelines.

Details: